| 000 | nam a22 7a 4500 | ||
|---|---|---|---|
| 999 |
_c174572 _d174572 |
||
| 003 | Nust | ||
| 005 | 20170201132825.0 | ||
| 008 | 170201b xxu||||| |||| 00| 0 eng d | ||
| 040 | _c0 | ||
| 050 | _a628 HAS | ||
| 082 | _a628 HAS | ||
| 100 | _aHassan,Junaid | ||
| 245 |
_aThermophilic Anaerobic Treatment Of Monoazo Dyes _cJunaid Hassan |
||
| 260 |
_aNew South Wales _bAustralia _c1998 |
||
| 300 |
_a98 p. _bPB. |
||
| 440 | _aMS Environmental Engineering | ||
| 500 | _aThesis MS EE | ||
| 650 | _aEnvironmental Engineering | ||
| 700 | _4Nicholas Ashbolt (Supervisor) | ||
| 942 |
_2ddc _cTHE _kIESE |
||